Basic of Project Planning and Analysis: Project Identification, Formulation and Appraisal. (Record no. 4353)

MARC details
005 - DATE AND TIME OF LATEST TRANSACTION
control field 20250619071704.0
020 ## - INTERNATIONAL STANDARD BOOK NUMBER
International Standard Book Number 978-9987-14-021-3
082 ## - DEWEY DECIMAL CLASSIFICATION NUMBER
Classification number 658.404 RWE
100 ## - MAIN ENTRY--PERSONAL NAME
Author name RWECHUNGURA, F. A.
245 ## - TITLE STATEMENT
Title Basic of Project Planning and Analysis: Project Identification, Formulation and Appraisal.
260 ## - PUBLICATION, DISTRIBUTION, ETC.
Place of publication, distribution, etc. Morogoro,
Name of publisher, distributor, etc. Mzumbe University,
Date of publication, distribution, etc. 2010.
300 ## - PHYSICAL DESCRIPTION
Extent xv, 162p.: ill.; figure, table
Other physical details Bibliography
Dimensions 20cm
942 ## - ADDED ENTRY ELEMENTS (KOHA)
Source of classification or shelving scheme Dewey Decimal Classification
Koha item type Books
Holdings
Date last seen Total checkouts Full call number Barcode Cost, replacement price Price effective from Koha item type Lost status Source of classification or shelving scheme Damaged status Not for loan Withdrawn status Home library Current library Shelving location Date acquired Cost, normal purchase price
06/19/2025   658.404 RWE 00000010953 96000.00 06/19/2025 Books   Dewey Decimal Classification       College of Business Education Main Library College of Business Education Main Library General Collection 04/04/2025 32000.00